| 000 | 00702nam a2200229Ia 4500 | ||
|---|---|---|---|
| 999 |
_c50507 _d50507 |
||
| 001 | 17456 | ||
| 003 | GE_BSU | ||
| 005 | 20200212142442.0 | ||
| 008 | 181216s2000en xx |||||||||||||| ||eng|| | ||
| 020 | _a9783980415439 | ||
| 040 | _cGE_BSU | ||
| 041 | _aeng | ||
| 080 | _a72 J-13 | ||
| 100 |
_aJacobs,Peter. _97003 |
||
| 245 |
_aIngenieurkunst in brandenburg: Land zwischen tradition und hightech / _cPeter Jacobs ; Michael Ochel, |
||
| 264 |
_aBerlin: _bKlageo, _c2000. |
||
| 300 |
_a160 p. _bill; _c29 cm |
||
| 653 | _aIngenieurkunst in brandenburg: Land zwischen tradition und hightech | ||
| 653 | _aარქიტექტურა | ||
| 700 |
_aOchel, Michael. _97004 |
||
| 942 |
_cBK _2udc |
||